00833nam a22002417a 45000010005000000030006000050050017000110080041000280200018000690400029000870500016001161000017001322450046001492600057001953000047002524900022002995050008003215200142003295210031004715210020005026500043005226500026005657786FISKH20250806140503.0250806b cb ||||| |||| 00| 0 eng d a9780890818619 aFISKHbengcFISKHdFISKH aPZ7.M5748 K aMezek, Karen aKatie's Russian holiday /cBy Karen Mezek aEugene, Oregon :bHarvest House Publishers , c1991. a54 pages :billustrations, maps ;c22 cm . aKatie's world v4 aR  aWhile trying to find a missing American teacher in the Soviet Union, Katie foils an assassination attempt on the Soviet president's life.8 a780 bLexile estimate 8 aR bRaz-Plus  aMystery and detective storiesvFiction aSoviet UnionvFiction